Modely Nové keynesovské ekonomie: struktura, problémy a perspektívy

Štruktúra modelov Novej keynesovskej ekonómie a doterajší stav ich kritiky. Problémy nových keynesovských modelov.

Saved in:
Bibliographic Details
Main Author: Kodera, Jan
Other Authors: Quang, Tran Van
Format: Book Chapter
Language:Czech
Subjects:
Tags: Add Tag
No Tags, Be the first to tag this record!

MARC

LEADER 00000naa a2200000 4500
001 0169872
005 20231207121333.9
041 0 |a cze 
044 |a CZ 
245 1 0 |a Modely Nové keynesovské ekonomie: struktura, problémy a perspektívy  |c Jan Kodera, Tran Van Quang 
520 |a Štruktúra modelov Novej keynesovskej ekonómie a doterajší stav ich kritiky. Problémy nových keynesovských modelov. 
610 2 0 |a keynesizmus 
610 2 0 |a modely ekonomicko-matematické 
610 2 0 |a teórie ekonomické 
100 1 |a Kodera, Jan 
700 1 |a Quang, Tran Van